The rescue / (Record no. 2752)
[ view plain ]
| 000 -LEADER | |
|---|---|
| fixed length control field | 01422cam a22003258a 4500 |
| 005 - DATE AND TIME OF LATEST TRANSACTION | |
| control field | 20240112111837.0 |
| 020 ## - INTERNATIONAL STANDARD BOOK NUMBER | |
| International Standard Book Number | 9781410419033 (alk. paper) |
| 020 ## - INTERNATIONAL STANDARD BOOK NUMBER | |
| International Standard Book Number | 9780439405591 |
| 020 ## - INTERNATIONAL STANDARD BOOK NUMBER | |
| International Standard Book Number | 1410419037 (alk. paper) |
| 040 ## - CATALOGING SOURCE | |
| Original cataloging agency | DLC |
| Transcribing agency | DLC |
| Language of cataloging | eng |
| 050 10 - LIBRARY OF CONGRESS CALL NUMBER | |
| Classification number | PS3561.N485 |
| Item number | R47 2009 |
| 082 00 - DEWEY DECIMAL CLASSIFICATION NUMBER | |
| Classification number | 813/.54 |
| Edition number | 22 |
| 100 1# - MAIN ENTRY--PERSONAL NAME | |
| Personal name | Lasky, Kathryn |
| 245 14 - TITLE STATEMENT | |
| Title | The rescue / |
| Statement of responsibility, etc. | by Kathryn Lasky |
| 250 ## - EDITION STATEMENT | |
| Edition statement | First printing, January 2004 |
| 260 ## - PUBLICATION, DISTRIBUTION, ETC. | |
| Place of publication, distribution, etc. | New York : |
| Name of publisher, distributor, etc. | Scholastic, |
| Date of publication, distribution, etc. | 2009 |
| 300 ## - PHYSICAL DESCRIPTION | |
| Extent | 359 pages ; |
| Dimensions | 20 cm |
| 490 0# - SERIES STATEMENT | |
| Series statement | Guardians of Ga'Hoole ; |
| Volume/sequential designation | Book 3 |
| 505 ## - FORMATTED CONTENTS NOTE | |
| Formatted contents note | T |
| 520 ## - SUMMARY, ETC. | |
| Summary, etc. | The third book in the GUARDIANS OF GA'HOOLE series, a classic hero mythology, chronicles Soren's quest for his missing mentor, Ezylryb, and battle against his evil brother, Kludd.Now that Soren has been reunited with his sister, Eglantine, he must face his next challenge: making sense of the mysterious disappearance of his mentor, Ezylryb. When Soren discovers that Ezylryb is in danger, he and his friends Gylfie, Twilight, and Digger devise a plan to save the beloved teacher. In this process, Soren must fight a ferocious foe who wears... |
| 521 ## - TARGET AUDIENCE NOTE | |
| Target audience note | 850 |
| Source | Lexile |
| 521 ## - TARGET AUDIENCE NOTE | |
| Target audience note | T |
| Source | Raz-Plus |
| 650 #0 - SUBJECT ADDED ENTRY--TOPICAL TERM | |
| Topical term or geographic name entry element | Owls |
| Form subdivision | Fiction. |
| 650 #0 - SUBJECT ADDED ENTRY--TOPICAL TERM | |
| Topical term or geographic name entry element | Large type books. |
| 655 #0 - INDEX TERM--GENRE/FORM | |
| Genre/form data or focus term | Children's stories. |
| 655 #7 - INDEX TERM--GENRE/FORM | |
| Genre/form data or focus term | Fantasy fiction. |
| Source of term | gsafd |
| 906 ## - LOCAL DATA ELEMENT F, LDF (RLIN) | |
| a | 7 |
| b | cbc |
| c | orignew |
| d | 1 |
| e | ecip |
| f | 20 |
| g | y-gencatlg |
| 942 ## - ADDED ENTRY ELEMENTS (KOHA) | |
| Source of classification or shelving scheme | Dewey Decimal Classification |
| Koha item type | Books |
| Suppress in OPAC | No |
| 999 ## - | |
| -- | 2752 |
| -- | 2752 |
| Withdrawn status | Lost status | Source of classification or shelving scheme | Damaged status | Not for loan | Collection | Home library | Current library | Shelving location | Date acquired | Total Checkouts | Full call number | Barcode | Date last seen | Copy number | Price effective from | Koha item type |
|---|---|---|---|---|---|---|---|---|---|---|---|---|---|---|---|---|
| Dewey Decimal Classification | Juvenile Fiction | Footprints International School Library Network Toul Kork Campus | Footprints International School Library Network Toul Kork Campus | TTP Secondary Fiction Bookshelves | 01/12/2024 | LAS 813/.54 PS3561.N485 | FISSE00412 | 01/12/2024 | 1 | 01/12/2024 | Books | |||||
| Dewey Decimal Classification | Fiction | Footprints International School Library Network Toul Kork Campus | Footprints International School Library Network Toul Kork Campus | TTP Secondary Fiction Bookshelves | 03/20/2024 | LAS 813/.54 PS3561.N485 | 2024-0371 | 03/20/2024 | 2 | 03/20/2024 | Books |
